Statistik utama : Perlis
| Format: | Book |
|---|---|
| Published: |
Perlis :
Jabatan Perangkaan Malaysia Negeri Perlis ,
2009-
|
| Subjects: |
MARC
| LEADER | 00000cam a2200000 7i4500 | ||
|---|---|---|---|
| 001 | 0000003924 | ||
| 005 | 20111124.0 | ||
| 022 | 0 | 0 | |a 1985-9104 |
| 090 | 0 | 0 | |a 315.95111 |b SUP 2009 |
| 245 | 0 | 0 | |a Statistik utama : |b Perlis |
| 260 | 0 | 0 | |a Perlis : |b Jabatan Perangkaan Malaysia Negeri Perlis , |c 2009- |
| 300 | |a vii.83 p : |b .ill (col) ; |c 21 cm. | ||
| 500 | 0 | 0 | |a Annual |
| 650 | 0 | 0 | |a Perlis |x Statistics, Vital |x Periodicals |
| 650 | 0 | 0 | |a Perlis |x Statistics |x Periodicals |
| 850 | |a JPSM (2009) | ||
| 999 | |a 007706 |b Monograph |c Open Shelf |e Default branch | ||